LEADER 01057nam0-22003011i-450- 001 990000112970403321 035 $a000011297 035 $aFED01000011297 035 $a(Aleph)000011297FED01 035 $a000011297 100 $a20011111d--------km-y0itay50------ba 101 0 $aita 105 $ay-------001yy 200 1 $aAtti del 1. Congresso nazionale della navigazione interna, Padova 9 - 12 giugno 1949 210 $aPadova$cOfficine grafiche Stediv$d1955 215 $aVI, 510 p., 7 tav.$cill.$d24 cm 300 $aIn testa al front.: Camera di Commercio industria ed agricoltura di Padova. 610 0 $aNavigazione interna$aCongressi$a1949 676 $a627.1 710 12$aCongresso nazionale della navigazione interna$d<1. ;$f1949 ;$ePadova>$0333248 801 0$aIT$bUNINA$gRICA$2UNIMARC 901 $aBK 912 $a990000112970403321 952 $a13 G 25 14$b21284$fFINBC 959 $aFINBC 996 $aAtti del 1. Congresso nazionale della navigazione interna, Padova 9 - 12 giugno 1949$9115325 997 $aUNINA DB $aING01 LEADER 01531oam 2200409 a 450 001 9910698984603321 005 20090616101148.0 035 $a(CKB)5470000002398026 035 $a(OCoLC)401286274 035 $a(EXLCZ)995470000002398026 100 $a20090616d1990 ua 0 101 0 $aeng 135 $aurbn||||a|||| 181 $ctxt$2rdacontent 182 $cc$2rdamedia 183 $acr$2rdacarrier 200 10$aComparison of effects of copropagated and precomputed atmosphere profiles on Monte Carlo trajectory simulation$b[electronic resource] /$fEric M. Queen and Thomas M. O'Mara 210 1$aHampton, Va. :$cNational Aeronautics and Space Administration, Langley Research Center,$d[1990] 215 $a45 pages $cillustrations ;$d28 cm 225 1 $aNASA technical memorandum ;$v102600 300 $aTitle from title screen (viewed on May 19, 2009). 300 $a"August 1990." 320 $aIncludes bibliographical references (page 15). 606 $aAtmosphere$xComputer simulation 606 $aMonte Carlo method 615 0$aAtmosphere$xComputer simulation. 615 0$aMonte Carlo method. 700 $aQueen$b Eric M$g(Eric Morris)$01410054 701 $aO'Mara$b Thomas M$01410055 712 02$aLangley Research Center. 801 0$bGPO 801 1$bGPO 801 2$bGPO 906 $aBOOK 912 $a9910698984603321 996 $aComparison of effects of copropagated and precomputed atmosphere profiles on Monte Carlo trajectory simulation$93497955 997 $aUNINA LEADER 02331nam0 22004813i 450 001 PUV1063033 005 20231121125621.0 010 $a8884501563 100 $a20060318d2005 ||||0itac50 ba 101 | $alat 102 $ait 181 1$6z01$ai $bxxxe 182 1$6z01$an 200 1 $aSermones Quadragesimales$fIacopo da Varazze$gedizione critica a cura di Giovanni Paolo Maggioni 210 $aFirenze$cSISMEL Edizioni del Galluzzo$d2005 215 $aLXIII, 613 p.$d25 cm 225 | $aEdizione nazionale dei testi mediolatini$v13$i. Serie 1$v8 410 0$1001MIL0562295$12001 $aEdizione nazionale dei testi mediolatini$i. Serie 1$v8 676 $a252$9Testi di sermoni.$v21 676 $a252.62$9$v21 700 0$aJacobus : de Voragine$3CFIV019226$4070$0485003 702 1$aMaggioni$b, Giovanni Paolo$3VEAV036438 790 0$aJacopo : da Varagine$3CFIV021707$zJacobus : de Voragine 790 0$aJacopo : da Varazze$3CFIV139798$zJacobus : de Voragine 790 0$aIacopo : da Varazze$3CFIV139799$zJacobus : de Voragine 790 0$aJacques : de Voragine$3MILV194093$zJacobus : de Voragine 790 0$aSantiago : de la Voragine$3TO0V260437$zJacobus : de Voragine 790 0$aJacobus : de Varagine$3VEAV040075$zJacobus : de Voragine 790 0$aIacopo : da Varagine$3VEAV448420$zJacobus : de Voragine 801 3$aIT$bIT-01$c20060318 850 $aIT-RM028 $aIT-RM0289 $aIT-RM0290 $aIT-RM0313 $aIT-RM0281 $aIT-RM0151 $aIT-FR0017 899 $aBiblioteca Universitaria Alessandrina$bRM028 899 $aBiblioteca Statale A. Baldini$bRM0289 899 $aBIBLIOTECA ANGELICA$bRM0290 899 $aBIBLIOTECA CASANATENSE$bRM0313 899 $aBIBLIOTECA VALLICELLIANA$bRM0281 899 $aBiblioteca Istituto Storico Italiano Medio Evo - I$bRM0151 899 $aBiblioteca umanistica Giorgio Aprea$bFR0017 912 $aPUV1063033 950 0$aBiblioteca umanistica Giorgio Aprea$d 52COBAL C.M.424(13)$e 52VM 0000793225 VM barcode:SSBAL01609. - Inventario:3091 AteneoVM$fB $h20090528$i20121204 977 $a 01$a 04$a 06$a 07$a 08$a 41$a 52 996 $aSermones Quadragesimales$91503721 997 $aUNICAS